Qui est le réalisateur de ce film ? - Statistiques

Statistiques générales
  • Ce quiz a été pris 29 fois
  • Le résultat moyen est 8 sur 19
Statistiques - réponses
Hint Réponse % Correct
"La guerre du feu"L'Ours" "Sept ans au Tibet" Jean-Jacques Annaud
77%
"Les Valseuses""Buffet froid" "Tenue de soirée" Bertrand Blier
73%
"De battre mon coeur s'est arrêté""Un prophète" "Les Frères Sisters" "Deephan" Jacques Audiard
73%
"Les poupées russes""L'Auberge espagnole" "Un air de famille" Cédric Klapisch
69%
"Le monde du silence""Au revoir les enfants" Louis Malle
69%
"Le fabuleux destin d'Amélie Poulain""La cité des enfants perdus" "Delicatessen" Jean-Pierre Jeunet
58%
"L'Homme de Rio""Le magnifique" "Le bossu" Philippe de Broca
58%
"Coup de foudre""Diabolo menthe" "Un homme amoureux" Diane Kurys
50%
"L'Aile ou la cuisse"
"Les Ripoux"
"Les Bidasses en folie"
Claude Zidi
46%
"36 quai des Orfèvres""Les Lyonnais" Olivier Marchal
42%
"La maman et la putain" Jean Eustache
38%
"Marius et Jeannette""Les neiges du Kilimandjaro" Robert Guédiguian
38%
"La femme de ma vie""Indochine" "Est-Ouest" Régis Wargnier
27%
"Dieu seul me voit""Adieu Berthe, l'enterrement de Mémé" Bruno Podalydès
19%
"Emmanuelle""Histoire d'O" Just Jaeckin
19%
"Je suis timide mais je me soigne""C'est pas moi, c'est lui" Pierre Richard
19%
"Se souvenir des belles choses""Promotion canapé" Zabou Breitman
12%
"La Discrète""L'Hermine" Christian Vincent
8%
"Eglantine""Un amour de pluie" Jean-Claude Brialy
8%
Aucun quiz correspondant
Distribution des résultats
% des personnes avec chaque résultat
Percentile par nombre de réponses
Votre historique - résultats
Vous n’avez pas pris ce quiz